Analytický pohľad na chudobu Slovenska

Diferencie medzi bohatými a chudobnými ľuďmi sa ustavične prehlbujú. Chudoba je považovaná za jeden z najväčších etických problémov 21. storočia, ktorý sa dotýka celého ľudstva. Kvantifikuje sociálny status človeka prejavujúci sa hmotným nedostatkom. Rozdiely medzi bohatými a chudobnými sa na Sloven...

Celý popis

Uložené v:
Podrobná bibliografia
Hlavný autor: Jenčová, Sylvia
Ďalší autori: Lietavcová, Eva
Médium: Kapitola
Jazyk:Slovak
Predmet:
Tagy: Pridať tag
Žiadne tagy, Buďte prvý, kto otaguje tento záznam!

MARC

LEADER 00000nla a2200000 4500
001 0210342
005 20240417075102.7
041 0 |a slo 
044 |a SK 
245 1 0 |a Analytický pohľad na chudobu Slovenska  |c Sylvia Jenčová, Eva Lietavcová 
520 |a Diferencie medzi bohatými a chudobnými ľuďmi sa ustavične prehlbujú. Chudoba je považovaná za jeden z najväčších etických problémov 21. storočia, ktorý sa dotýka celého ľudstva. Kvantifikuje sociálny status človeka prejavujúci sa hmotným nedostatkom. Rozdiely medzi bohatými a chudobnými sa na Slovensku neustále prehlbujú. Úsilie o poznávanie problematiky chudoby a sociálneho vylúčenia by malo byť prirodzenou súčasťou všeobecnej reflexie modernej spoločnosti. Otázky boja proti chudobe a sociálnemu vylúčeniu sa na Slovensku stávajú postupne súčasťou jazyka decíznej sféry. 
610 2 0 |a chudoba 
610 2 0 |a Slovensko 
610 2 0 |a vylúčenie sociálne 
610 2 0 |a diferenciácia sociálna 
100 1 |a Jenčová, Sylvia 
700 1 |a Lietavcová, Eva